000 00909nam a2200229Ii 4500
003 JO-AjNU
008 230605s9999||||xx |||||||||||||| ||und||
017 _a2008/10/3737
020 _a978-9957-32-436-0
040 _aJO-AjNU
_bara
_erda
_cJO-AjNU
041 _aara
050 1 4 _aHF5548.32.T58 2017
100 3 _aالطيطي، خضر مصباح ,
_eauthor
_962141
245 0 0 _aالتجارة الالكترونية من منظور تقني وتجاري واداري=Electronic Commerce & From Electronic, Business, Managerial Perspective
250 _aط2
264 3 1 _aعمان: دار الحامد للنشر والتوزيع، 2008
300 _a434ص
336 _atext
_btxt
_2rdacontent
337 _aunmediated
_bn
_2rdamedia
338 _avolume
_bnc
_2rdacarrier
650 4 _aالتجارة الدولية-التجارة الالكترونية-التوقيع الالكتروني
_962142
999 _aA28125
_c31693
_d31693